| 000 | 00911nam a22002897a 4500 | ||
|---|---|---|---|
| 003 | DO-SdBNP | ||
| 005 | 20230811113449.0 | ||
| 008 | 060721 2016 sp spa | ||
| 017 |
_a _b |
||
| 020 | _a9788498386639 | ||
| 035 | _a | ||
| 040 |
_aBPMSU _bspa _cBPMSU _e |
||
| 082 | 4 |
_a823.91 _bR884Ha 2016 _222 |
|
| 100 | 1 |
_aRowling, J. K., _d1965- |
|
| 245 | 1 | 0 |
_aHarry Potter y el cáliz de fuego / _cJ. K. Rowling _h _b |
| 260 |
_aBarcelona : _c2016. _bSalamandra, _e _f |
||
| 300 |
_a665 p. ; _c23 cm. |
||
| 490 | 0 |
_3Harry Potter, _v4 |
|
| 500 | _aIncluye datos biográficos del autor en la solapa de la cubierta | ||
| 534 |
_aTìtulo original : _tHarry potter and the globet of fire. |
||
| 590 | _6Inventariado, 2023/VM | ||
| 650 | 4 | _aNovela juvenil inglesa | |
| 650 | 4 |
_aMagia _vNovela _2 |
|
| 910 | _aYLOCKWARD/VMateo V. Control de calidad (BPMSU) | ||
| 942 |
_2ddc _cBK |
||
| 980 |
_a _a _b _j _c |
||
| 999 |
_c12765 _d12765 |
||